000 00426nam a2200157 i 4500
001 27621
003 ES-MaACL
005 20230906153650.0
007 t|
008 030115s1977 sp ||||1| spa d
100 1 _aArazo, María Angeles.
_922373
245 1 0 _aValencia íntima /
_cMaría Angeles Arazo.
260 _aValencia :
_bBello,
_c[1977]
300 _a122 p. :
_bil. ;
_c27 cm.
852 _aES-MaACL
_jA-7043
_bR.95836
999 _c27621
_d27621